5HLuxD.jpg

KING HENRY VIII SENIOR AND PRIMARY SCHOOL LIBRARY OPAC

TOM GATES (Record no. 5222)

000 -LEADER
fixed length control field 00354nam a22001217a 4500
008 - FIXED-LENGTH DATA ELEMENTS--GENERAL INFORMATION
fixed length control field 250827b ||||| |||| 00| 0 eng d
020 ## - INTERNATIONAL STANDARD BOOK NUMBER
International Standard Book Number 9781742767819
082 ## - DEWEY DECIMAL CLASSIFICATION NUMBER
Classification number 823.92 PIC
100 ## - MAIN ENTRY--PERSONAL NAME
Personal name PICHON,LIZ
Relator term AUTHOR
Language of a work ENGLISH
245 ## - TITLE STATEMENT
Title TOM GATES
Remainder of title EXTRA SPECIAL TREATS (not)
260 ## - PUBLICATION, DISTRIBUTION, ETC.
Place of publication, distribution, etc. 345 Pacific Highway,Lindfield NSW 2070
Name of publisher, distributor, etc. SCHOLASTIC
Date of publication, distribution, etc. 2013
942 ## - ADDED ENTRY ELEMENTS (KOHA)
Source of classification or shelving scheme
Holdings
Withdrawn status Lost status Source of classification or shelving scheme Damaged status Not for loan Collection code Permanent Location Current Location Shelving location Date acquired Total Checkouts Full call number Barcode Date last seen Date last checked out Price effective from Koha item type Public note
          Fiction KH8 Primary School Library KH8 Primary School Library Fiction 2025-08-27 9 823.92 PIC KHPL000007629 2026-03-19 2026-03-12 2025-08-27 Books - Fiction KH8 PRIMARY LIBRARY

Powered By KH8 IT Dept